| 000 | 00379nam a2200133 a 4500 | ||
|---|---|---|---|
| 005 | 20140414132101.0 | ||
| 008 | 100717s19uu xx 00 eng d | ||
| 050 |
_aM 220.9 _bC13 2001 |
||
| 100 | _aCalhoun, Mary | ||
| 245 |
_aA shepherd's gift. / _cMary Calhoun; illustrated by Raul Colon. |
||
| 260 |
_aNew York : _bScholastic Inc, _c2001. |
||
| 999 |
_c114470 _d114470 |
||